| 000 | 00871nam0a22002411 4500 | ||
|---|---|---|---|
| 001 | rc\4902336 | ||
| 005 | 20260407004941.0 | ||
| 021 |
_aRU _bРг1062-66 |
||
| 035 | _a(NLR Aleph) 008834314 | ||
| 090 |
_a8302423 _c8302423 |
||
| 100 | _a20130426d1965 |||y0rusy50 ca | ||
| 101 | 0 | _arus | |
| 102 | _aRU | ||
| 105 | _ay z ||||| | ||
| 200 | 1 |
_aЦифры и факты о работе ДСО "Урожай" РСФСР _e(Материалы к отчетно-выборной кампании 1965-1966 гг.) _fЦентр. совет ДСО "Урожай" РСФСР |
|
| 210 |
_aМосква _cБ. и. _d1965 |
||
| 215 |
_a90 с. _d21 |
||
| 710 | 0 | 2 |
_a"Урожай", всесоюзное спортивное общество _3RU\NLR\AUTH\889995882 _9488790 |
| 801 | 0 |
_aRU _bNLR _gpsbo |
|
| 801 | 1 |
_aRU _bELAR _2rusmarc |
|
| 852 |
_aNLR _j66-4/1172 |
||
| 942 | _cBOOK | ||
| 980 | _aNB | ||